| 000 | 00396 a2200133 4500 | ||
|---|---|---|---|
| 005 | 20250627155344.0 | ||
| 020 | _a0-333-39864-5 | ||
| 082 | _a658.1'51 HIL | ||
| 100 | _aHILL, S. | ||
| 245 | _aManagerial Economics: The Analysis of Business Decisions. | ||
| 260 |
_aLondon, _bMacmillan Education LTD, _c1989. |
||
| 300 |
_axi, 366p.: ill.; figure, table _b Index & References _c24cm |
||
| 942 |
_2ddc _cBKS |
||
| 999 |
_c5732 _d5732 |
||